The Among Us Trivia Quiz - Statistics

General Stats
  • This quiz has been taken 4,216 times
    1,935 since last reset
  • The average score is 9 of 12
Answer Stats
Question Answer % Correct
In which year was the game released? 2018
95%
What is the maximum amount of players that can be in one game at a time? (as of the 2021 update) 15
94%
The four maps are Polus, MIRA HQ, Airship, and... The Skeld
91%
When a crewmate or impostor is killed, what do they turn into? Ghost
87%
What is the biggest map? Polus
87%
Which ability allows the impostors to conceal themselves and travel quickly to other areas of the map? Vent
84%
In The Skeld, which room is commonly regarded as the most dangerous for crewmates? Electrical
82%
When using the MedBay scan, is the weight measurement in pounds or kilograms? Pounds
80%
If equipped, what 'cosmetic' item will sit at the spot someone was killed? Pet
65%
Which studio developed the game? Innersloth
58%
What real-life 'group social deduction' game was the Among Us team inspired by for the game? Mafia
48%
Deemed too close to brown, orange and white, what crewmate colour was scrapped from the game, before being reintroduced in a 2021 update? Tan
43%
No matching quizzes found
Score Distribution
Percent of People with Each Score
Percentile by Number Answered
Your Score History
You have not taken this quiz since the last reset